| 000 | 00568nam a2200217Ia 4500 | ||
|---|---|---|---|
| 005 | 20231219105950.0 | ||
| 008 | 131103s9999 xx 000 0 und d | ||
| 020 |
_a8126112190 _cRs 200 |
||
| 040 | _aLoreto College | ||
| 041 | _aEnglish | ||
| 082 |
_a302.23 _bMAS |
||
| 245 |
_aHandbook of Mass Media _cEdited by R.K. Ravindran |
||
| 260 |
_aNew Delhi _bAnmol Publications Pvt. Ltd. _c2002 |
||
| 300 | _a304p | ||
| 504 | _aIncludes index | ||
| 650 | _aJournalism | ||
| 651 | _aMedia Studies | ||
| 700 | _aRavindran, R.K., ed | ||
| 850 | _aLCLIB | ||
| 942 | _cBK | ||
| 999 |
_c8173 _d58652 |
||